| Record ID | ia:geometryineasyst00coxp |
| Source | Internet Archive |
| Download MARC XML | https://archive.org/download/geometryineasyst00coxp/geometryineasyst00coxp_marc.xml |
| Download MARC binary | https://www.archive.org/download/geometryineasyst00coxp/geometryineasyst00coxp_meta.mrc |
LEADER: 00676nam 2200241Ii 4500
001 ocm09013287
003 OCoLC
005 20100708113305.0
008 821203s1983 mau 000 0 eng d
010 $a 82070155
040 $aNOS$cNOS
020 $a0205075738
020 $a9780205075737
035 $a(OCoLC)9013287
050 4 $aQA445$bC65
082 4 $a516$221
100 1 $aCox, Philip L.
245 10 $aGeometry in easy steps :$ban informal approach /$cPhilip L. Cox.
260 $aBoston :$bAllyn and Bacon,$c1983.
300 $aviii, 504 p.$bill. ;$c25 cm. +$eteacher's guide.
650 0 $aGeometry.
994 $aZ0$bPMR
948 $hNO HOLDINGS IN PMR - 58 OTHER HOLDINGS